「新宿」を含む駅から乗り換えなしで行ける駅 - Statistics

General Stats
  • This quiz has been taken 215 times
    111 since last reset
  • The average score is 334 of 561
Answer Stats
都道府県 駅名 % Correct
神奈川県 横浜
91%
東京都 東京
91%
東京都 池袋
90%
東京都 立川
90%
千葉県 千葉
89%
東京都 上野
89%
東京都 大崎
89%
東京都 渋谷
89%
東京都 代々木
89%
神奈川県 小田原
87%
東京都 秋葉原
86%
東京都 品川
86%
東京都 西日暮里
86%
埼玉県 大宮
85%
東京都 鶯谷
85%
東京都 御茶ノ水
85%
東京都 吉祥寺
85%
東京都 高田馬場
85%
東京都 日暮里
85%
長野県 松本
85%
山梨県 大月
85%
神奈川県 武蔵小杉
84%
東京都 神田
84%
東京都 国立
84%
東京都 国分寺
84%
東京都 駒込
84%
東京都 巣鴨
84%
東京都 田町
84%
東京都 中野
84%
東京都 浜松町
84%
東京都 原宿
84%
東京都 目黒
84%
東京都 恵比寿
82%
東京都 五反田
82%
東京都 新橋
82%
東京都 八王子
82%
東京都 三鷹
82%
東京都 目白
82%
東京都 有楽町
82%
神奈川県 大船
81%
神奈川県 戸塚
81%
神奈川県 藤沢
81%
千葉県 西船橋
81%
千葉県 本八幡
81%
東京都 赤羽
81%
東京都 大塚
81%
東京都 荻窪
81%
東京都 錦糸町
81%
東京都 新大久保
81%
東京都 高尾
81%
東京都 田端
81%
東京都 四ツ谷
81%
東京都 両国
81%
栃木県 宇都宮
81%
群馬県 高崎
80%
東京都 高円寺
80%
東京都 西国分寺
80%
千葉県 船橋
78%
東京都 御徒町
78%
山梨県 甲府
78%
神奈川県 海老名
77%
東京都 飯田橋
77%
東京都 市ケ谷
77%
東京都 水道橋
77%
東京都 高輪ゲートウェイ
77%
東京都 武蔵境
77%
神奈川県 茅ケ崎
76%
埼玉県 川越
76%
千葉県 津田沼
76%
東京都 浅草橋
76%
東京都 大久保
76%
東京都 新小岩
76%
東京都 西荻窪
76%
東京都 日野
76%
茨城県 古河
75%
神奈川県 二宮
75%
神奈川県 平塚
75%
埼玉県 浦和
75%
埼玉県 熊谷
75%
東京都 亀戸
75%
東京都 小岩
75%
東京都 信濃町
75%
東京都 豊田
75%
東京都 東中野
75%
東京都 武蔵小金井
75%
東京都 代々木上原
75%
栃木県 小山
75%
神奈川県 新川崎
73%
神奈川県 登戸
73%
群馬県 前橋
73%
埼玉県 上尾
73%
千葉県 市川
73%
東京都 新宿
73%
東京都 西八王子
73%
神奈川県 大磯
72%
神奈川県 国府津
72%
神奈川県 橋本
72%
神奈川県 東戸塚
72%
埼玉県 所沢
72%
埼玉県 戸田
72%
千葉県 東船橋
72%
東京都 十条
72%
東京都 練馬
72%
東京都 東小金井
72%
東京都 町田
72%
山梨県 上野原
72%
埼玉県 鴻巣
71%
千葉県 稲毛
71%
千葉県 幕張
71%
東京都 板橋
71%
東京都 大手町
71%
東京都 小川
71%
東京都 千駄ケ谷
71%
東京都 平井
71%
神奈川県 相模大野
70%
神奈川県 相模湖
70%
神奈川県 湘南台
70%
神奈川県 日吉
70%
神奈川県 元町・中華街
70%
埼玉県 戸田公園
70%
埼玉県 武蔵浦和
70%
埼玉県 和光市
70%
千葉県 成田
70%
東京都 阿佐ケ谷
70%
東京都 下北沢
70%
東京都 自由が丘
70%
東京都 中目黒
70%
神奈川県 辻堂
68%
埼玉県 桶川
68%
埼玉県 東大宮
68%
埼玉県 本庄
68%
千葉県 西千葉
68%
東京都 京王八王子
68%
東京都 小平
68%
東京都 笹塚
68%
東京都 中野坂上
68%
東京都 西大井
68%
東京都 拝島
68%
東京都 明大前
68%
東京都 代々木八幡
68%
栃木県 小金井
68%
長野県 富士見
68%
神奈川県 新百合ヶ丘
67%
神奈川県 大和
67%
埼玉県 | 東京都 小川町
67%
埼玉県 籠原
67%
静岡県 熱海
67%
千葉県 幕張本郷
67%
東京都 代官山
67%
東京都 調布
67%
東京都 府中
67%
東京都 森下
67%
長野県 上諏訪
67%
神奈川県 鎌倉
66%
神奈川県 新横浜
66%
神奈川県 西谷
66%
神奈川県 保土ケ谷
66%
神奈川県 本厚木
66%
埼玉県 北上尾
66%
埼玉県 北与野
66%
埼玉県 久喜
66%
埼玉県 与野本町
66%
千葉県 成田空港
66%
東京都 小竹向原
66%
東京都 新高円寺
66%
東京都 高尾山口
66%
東京都 多摩川
66%
東京都 中野富士見町
66%
東京都 光が丘
66%
東京都 方南町
66%
東京都 南新宿
66%
長野県 塩尻
66%
長野県 下諏訪
66%
長野県 茅野
66%
山梨県 赤坂
66%
神奈川県 厚木
65%
神奈川県 伊勢原
65%
神奈川県 二俣川
65%
群馬県 新前橋
65%
埼玉県 北戸田
65%
埼玉県 北本
65%
埼玉県 土呂
65%
埼玉県 中浦和
65%
埼玉県 深谷
65%
埼玉県 宮原
65%
静岡県 伊東
65%
千葉県 下総中山
65%
東京都 浮間舟渡
65%
東京都 九段下
65%
東京都 成城学園前
65%
東京都 地下鉄成増
65%
東京都 田園調布
65%
東京都 都立大学
65%
東京都 初台
65%
東京都 東北沢
65%
東京都 東高円寺
65%
栃木県 自治医大
65%
山梨県 四方津
65%
山梨県 山梨市
65%
神奈川県 鴨宮
63%
神奈川県 新松田
63%
神奈川県 綱島
63%
神奈川県 白楽
63%
神奈川県 東白楽
63%
神奈川県 みなとみらい
63%
神奈川県 向ヶ丘遊園
63%
神奈川県 元住吉
63%
埼玉県 川越市
63%
埼玉県 北鴻巣
63%
埼玉県 行田
63%
埼玉県 栗橋
63%
埼玉県 新白岡
63%
埼玉県 飯能
63%
東京都 学芸大学
63%
東京都 北赤羽
63%
東京都 下高井戸
63%
東京都 地下鉄赤塚
63%
東京都 中井
63%
東京都 中野新橋
63%
東京都 西新宿
63%
東京都 幡ヶ谷
63%
東京都 東新宿
63%
長野県 岡谷
63%
山梨県 小淵沢
63%
山梨県 河口湖
63%
神奈川県 菊名
62%
神奈川県 逗子
62%
神奈川県 中央林間
62%
神奈川県 羽沢横浜国大
62%
埼玉県 白岡
62%
埼玉県 本川越
62%
埼玉県 南与野
62%
東京都 青梅
62%
東京都 豪徳寺
62%
東京都 後楽園
62%
東京都 国会議事堂前
62%
東京都 狛江
62%
東京都 参宮橋
62%
東京都 新桜台
62%
東京都 新宿三丁目
62%
東京都 高幡不動
62%
東京都 千歳烏山
62%
東京都 西早稲田
62%
東京都 東村山
62%
東京都 本郷三丁目
62%
東京都 茗荷谷
62%
東京都 明治神宮前
62%
山梨県 竜王
62%
神奈川県 新綱島
61%
神奈川県 日本大通り
61%
神奈川県 百合ヶ丘
61%
神奈川県 読売ランド前
61%
群馬県 倉賀野
61%
群馬県 高崎問屋町
61%
埼玉県 入間市
61%
埼玉県 森林公園
61%
埼玉県 若葉
61%
東京都 大島
61%
東京都 勝どき
61%
東京都 京王多摩センター
61%
東京都 京王永山
61%
東京都 石神井公園
61%
東京都 神保町
61%
東京都 千歳船橋
61%
東京都 西大島
61%
東京都 東大島
61%
東京都 東府中
61%
栃木県 雀宮
61%
山梨県 富士山
61%
神奈川県 小田急相模原
59%
神奈川県 秦野
59%
神奈川県 藤野
59%
埼玉県 朝霞
59%
埼玉県 蓮田
59%
埼玉県 東鷲宮
59%
千葉県 新検見川
59%
東京都 曙橋
59%
東京都 岩本町
59%
東京都 牛込神楽坂
59%
東京都 牛込柳町
59%
東京都 銀座
59%
東京都 新大塚
59%
東京都 新中野
59%
東京都 祖師ヶ谷大蔵
59%
東京都 大門
59%
東京都 築地市場
59%
東京都 分倍河原
59%
東京都 保谷
59%
東京都 祐天寺
59%
東京都 四谷三丁目
59%
山梨県 猿橋
59%
山梨県 韮崎
59%
神奈川県 北鎌倉
58%
神奈川県 新高島
58%
神奈川県 馬車道
58%
埼玉県 志木
58%
静岡県 伊豆急下田
58%
東京都 赤坂見附
58%
東京都 昭島
58%
東京都 大井町
58%
東京都 落合南長崎
58%
東京都 要町
58%
東京都 上石神井
58%
東京都 清瀬
58%
東京都 国立競技場
58%
東京都 汐留
58%
東京都 新宿御苑前
58%
東京都 千川
58%
東京都 雑司が谷
58%
東京都 田無
58%
東京都 豊島園
58%
東京都 氷川台
58%
東京都 福生
58%
東京都 平和台
58%
東京都 南阿佐ケ谷
58%
栃木県 東武日光
58%
山梨県 塩山
58%
千葉県 空港第2ビル
58%
神奈川県 開成
57%
神奈川県 新丸子
57%
神奈川県 反町
57%
群馬県 新町
57%
埼玉県 朝霞台
57%
埼玉県 航空公園
57%
埼玉県 新所沢
57%
埼玉県 神保原
57%
埼玉県 西大宮
57%
東京都 一之江
57%
東京都 上野御徒町
57%
東京都 春日
57%
東京都 上北沢
57%
東京都 唐木田
57%
東京都 北参道
57%
東京都 北野
57%
東京都 経堂
57%
東京都 篠崎
57%
東京都 仙川
57%
東京都 代田橋
57%
東京都 月島
57%
東京都 都庁前
57%
東京都 若松河田
57%
栃木県 野木
57%
山梨県 石和温泉
57%
神奈川県 愛甲石田
56%
神奈川県 生田
56%
神奈川県 箱根湯本
56%
埼玉県 小手指
56%
埼玉県 指扇
56%
埼玉県 狭山市
56%
埼玉県 西所沢
56%
埼玉県 東松山
56%
埼玉県 吹上
56%
千葉県 佐倉
56%
千葉県 蘇我
56%
東京都 赤羽橋
56%
東京都 大泉学園
56%
東京都 小田急多摩センター
56%
東京都 小田急永山
56%
東京都 上井草
56%
東京都 国領
56%
東京都 桜上水
56%
東京都 聖蹟桜ヶ丘
56%
東京都 世田谷代田
56%
東京都 つつじヶ丘
56%
東京都 瑞江
56%
東京都 門前仲町
56%
神奈川県 鶴巻温泉
54%
埼玉県 日進
54%
千葉県 安房鴨川
54%
千葉県 木更津
54%
千葉県 君津
54%
東京都 淡路町
54%
東京都 和泉多摩川
54%
東京都 霞ケ関
54%
東京都 京王片倉
54%
東京都 下井草
54%
東京都 下落合
54%
東京都 新御徒町
54%
東京都 新宿西口
54%
東京都 飛田給
54%
東京都 東青梅
54%
東京都 布田
54%
東京都 芦花公園
54%
栃木県 間々田
54%
山梨県 富士急ハイランド
54%
神奈川県 京王稲田堤
53%
神奈川県 東海大学前
53%
神奈川県 若葉台
53%
埼玉県 坂戸
53%
埼玉県 南古谷
53%
東京都 新井薬師前
53%
東京都 梅ヶ丘
53%
東京都 喜多見
53%
東京都 清澄白河
53%
東京都 新木場
53%
東京都 住吉
53%
東京都 西調布
53%
東京都 練馬高野台
53%
東京都 ひばりヶ丘
53%
東京都 南大沢
53%
東京都 六本木
53%
栃木県 石橋
53%
栃木県 栃木
53%
山梨県 都留文科大学前
53%
山梨県 鳥沢
53%
山梨県 梁川
53%
神奈川県 大倉山
52%
神奈川県 片瀬江ノ島
52%
群馬県 井野
52%
埼玉県 岡部
52%
埼玉県 上福岡
52%
千葉県 上総一ノ宮
52%
東京都 秋津
52%
東京都 蔵前
52%
東京都 新江古田
52%
東京都 西武立川
52%
東京都 鶴川
52%
東京都 西新宿五丁目
52%
東京都 練馬春日町
52%
東京都 東久留米
52%
東京都 船堀
52%
東京都 めじろ台
52%
東京都 山田
52%
神奈川県 相武台前
51%
静岡県 御殿場
51%
千葉県 勝浦
51%
東京都 玉川上水
51%
東京都 中村橋
51%
東京都 西立川
51%
東京都 沼袋
51%
東京都 馬喰横山
51%
東京都 浜町
51%
栃木県 下今市
51%
神奈川県 妙蓮寺
49%
埼玉県 ふじみ野
49%
千葉県 大網
49%
千葉県 茂原
49%
東京都 井荻
49%
東京都 河辺
49%
東京都 菊川
49%
東京都 京王多摩川
49%
東京都 鷺ノ宮
49%
東京都 多磨霊園
49%
東京都 都立家政
49%
東京都 花小金井
49%
東京都 武蔵野台
49%
長野県 白馬
49%
神奈川県 鶴ケ峰
48%
埼玉県 南大塚
48%
千葉県 四街道
48%
東京都 稲城
48%
東京都 京王よみうりランド
48%
東京都 国際展示場
48%
東京都 多摩境
48%
東京都 野方
48%
東京都 羽村
48%
東京都 百草園
48%
栃木県 鬼怒川温泉
48%
山梨県 都留市
48%
神奈川県 柿生
47%
神奈川県 座間
47%
埼玉県 武蔵嵐山
47%
東京都 麻布十番
47%
東京都 玉川学園前
47%
東京都 天王洲アイル
47%
東京都 東京テレポート
47%
東京都 中神
47%
東京都 萩山
47%
東京都 東中神
47%
東京都 武蔵関
47%
東京都 八幡山
47%
神奈川県 瀬谷
46%
神奈川県 三ツ境
46%
埼玉県 西武秩父
46%
埼玉県 つきのわ
46%
埼玉県 仏子
46%
静岡県 伊豆高原
46%
東京都 西武柳沢
46%
東京都 中河原
46%
東京都 狭間
46%
東京都 東伏見
46%
東京都 東大和市
46%
東京都 平山城址公園
46%
埼玉県 霞ヶ関
44%
静岡県 河津
44%
千葉県 五井
44%
東京都 青山一丁目
44%
東京都 京王堀之内
44%
東京都 品川シーサイド
44%
東京都 柴崎
44%
東京都 富士見台
44%
神奈川県 渋沢
43%
神奈川県 松田
43%
神奈川県 南万騎が原
43%
埼玉県 北坂戸
43%
埼玉県 高坂
43%
埼玉県 新河岸
43%
埼玉県 新狭山
43%
千葉県 大原
43%
東京都 東雲
43%
東京都 長沼
43%
長野県 信濃大町
43%
神奈川県 かしわ台
42%
神奈川県 相模大塚
42%
神奈川県 はるひ野
42%
埼玉県 狭山ヶ丘
42%
埼玉県 みずほ台
42%
埼玉県 武蔵藤沢
42%
埼玉県 元加治
42%
埼玉県 柳瀬川
42%
静岡県 伊豆熱川
42%
静岡県 伊豆稲取
42%
千葉県 館山
42%
栃木県 新鹿沼
42%
神奈川県 五月台
41%
神奈川県 ゆめが丘
41%
東京都 小作
41%
東京都 武蔵砂川
41%
栃木県 東武ワールドスクウェア
41%
神奈川県 いずみ中央
39%
神奈川県 黒川
39%
神奈川県 さがみ野
39%
埼玉県 稲荷山公園
39%
埼玉県 鶴ヶ島
39%
山梨県 上大月
39%
神奈川県 緑園都市
38%
埼玉県 鶴瀬
38%
静岡県 駿河小山
38%
東京都 久米川
38%
東京都 南平
38%
神奈川県 いずみ野
37%
神奈川県 希望ケ丘
37%
埼玉県 入曽
37%
東京都 牛浜
37%
茨城県 鹿島神宮
35%
山梨県 下吉田
35%
神奈川県 栗平
34%
千葉県 御宿
34%
山梨県 禾生
34%
長野県 穂高
32%
千葉県 安房小湊
30%
茨城県 潮来
29%
千葉県 浜金谷
29%
長野県 豊科
29%
山梨県 寿
29%
山梨県 東桂
29%
山梨県 葭池温泉前
29%
山梨県 十日市場
28%
山梨県 三つ峠
28%
神奈川県 弥生台
27%
山梨県 月江寺
27%
山梨県 谷村町
27%
山梨県 田野倉
27%
千葉県 佐原
24%
千葉県 上総興津
23%
千葉県 保田
23%
千葉県 富浦
22%
千葉県 岩井
18%
栃木県 足利
15%
栃木県 あしかがフラワーパーク
11%
No matching quizzes found
Score Distribution
Percent of People with Each Score
Percentile by Number Answered
Your Score History
You have not taken this quiz since the last reset